Most Home Runs and Stolen bases for each position in baseball - Statistics

General Stats
  • This quiz has been taken 225 times
  • The average score is 5 of 10
Answer Stats
Position Player Home Runs Player Stolen Bases % Correct
Left Field Barry Bonds 762 Rickey Henderson 1406
96%
Right Field Hank Aaron 755 Patsy Donovan 518
72%
Center Field Willie Mays 660 Billy Hamilton 912
64%
Third Base Alex Rodriguez 694 Arlie Latham 718
60%
Designated Hitter David Ortiz 541 Paul Molitor 504
46%
Catcher Mike Piazza 427 Buck Ewing 354
43%
First Base Jim Thome 593 Jack Doyle 516
31%
Second Base Jeff Kent 377 Eddie Collins 745
22%
Shortstop Cal Ripken Jr 431 Honus Wagner 722
20%
Pitcher Wes Ferrell 37 Bob Caruthers 152
5%
No matching quizzes found
Score Distribution
Percent of People with Each Score
Percentile by Number Answered
Your Score History
You have not taken this quiz